Central Library OPAC University of Rajshahi

The third wave / (Record no. 34047)

MARC details
000 -LEADER
fixed length control field 00760nam a2200277 i 4500
001 - CONTROL NUMBER
control field 34047
003 - CONTROL NUMBER IDENTIFIER
rucl marc code BD-RjUL
005 - DATE AND TIME OF LATEST TRANSACTION
control field 20211209052111.0
008 - FIXED-LENGTH DATA ELEMENTS--GENERAL INFORMATION
fixed length control field 140512t19811980nyu b 001 0 eng
020 ## - INTERNATIONAL STANDARD BOOK NUMBER
International Standard Book Number 0330263374
035 ## - SYSTEM CONTROL NUMBER
System control number (BD-RjUL)34141
040 ## - CATALOGING SOURCE
Original cataloging agency DLC
Transcribing agency DLC
Modifying agency BD-RjUL
Language of cataloging eng
041 ## - LANGUAGE CODE
Language code of text/sound track or separate title eng
082 00 - DEWEY DECIMAL CLASSIFICATION NUMBER
Classification number 303.4
Author mark and year TOT 1981
100 1# - MAIN ENTRY--PERSONAL NAME
Personal name Toffler, Alvin.
9 (RLIN) 103478
245 14 - TITLE STATEMENT
Title The third wave /
Statement of responsibility, etc. Alvin Toffler.
260 ## - PUBLICATION, DISTRIBUTION, ETC. (IMPRINT)
Place of publication, distribution, etc. New York :
Name of publisher, distributor, etc. Morrow,
Date of publication, distribution, etc. c1980 [1981].
300 ## - PHYSICAL DESCRIPTION
Pagination 544 p. ;
Size 18 cm.
504 ## - BIBLIOGRAPHY, ETC. NOTE
Bibliography, etc Include bibliography and index.
650 #0 - SUBJECT ADDED ENTRY--TOPICAL TERM
Topical term or geographic name as entry element Social history
Chronological subdivision 1945-
9 (RLIN) 54623
Topical term or geographic name as entry element Social change.
9 (RLIN) 103479
Topical term or geographic name as entry element Civilization, Modern
Chronological subdivision 1950-
9 (RLIN) 6436
942 ## - ADDED ENTRY ELEMENTS (KOHA)
Source of classification or shelving scheme Dewey Decimal Classification
Koha item type Books
Holdings
Lost status Source of classification or shelving scheme Damaged status Not for loan Collection code Permanent Location Current Location Shelving location Date acquired Source of acquisition Total Checkouts Full call number Date last seen Copy number Koha item type
  Dewey Decimal Classification   Not For Loan Non-fiction Central Library, University of Rajshahi Central Library, University of Rajshahi Reading Room 03/11/1990 Shawkat Osman   303.4 TOT 1981 12/05/2014 C-1 Books